Trouver le modèle du véhicule - années 2000 - Statistiques

Statistiques générales
  • Ce quiz a été pris 111 fois
  • Le résultat moyen est 9 sur 12
Statistiques - réponses
Par images Hint Réponse % Correct
Mini Cooper
97%
Suzuki Swift
91%
Audi TT Coupé
91%
Bugatti Veyron
89%
Ferrari Enzo
82%
Pagani Zonda C12
72%
Nissan 350Z
69%
Lexus LFA
64%
Lamborghini Murcielago
60%
Porsche Carrera GT
57%
Aston Martin DB7
56%
Mercedes SLR Mclaren
56%
Aucun quiz correspondant
Distribution des résultats
% des personnes avec chaque résultat
Percentile par nombre de réponses
Votre historique - résultats
Vous n’avez pas pris ce quiz